01505 2200421 4500001002100000005001500021035002000036007000300056008004100059020002200100082001700122084001900139100003300158245023900191250003200430300004800462650003400510700002900544700002800573700003100601700002700632700003200659700002900691700002400720700002800744700003100772700003100803504002500834264005000859336002100909337003000930338002300960040002200983090002201005850001201027999002201039990002201061INLIS00000000087891020230531101812 a0010-0523000787ta230531b2023 xx a g ind d a978-623-261-590-804223a302.3501 a302.3501 SUS o0 aSusan FebriantinaePengarang10aOrganizational behavior :btheory and research mapping /cSusan Febriantina, Brata Sanjaya, Dicky Iranto, Djaka Adiwinata, Evy Roslita, Irzan Soepriyadi, Jeni Irnawati, Nafiudin; penyunting, Dewi Susita, Tuty Sariwulan, Widya Parimita aCetakan pertama, Maret 2023 aviii, 436 halaman :bgambar, tabel ;c23 cm04aOrganisasi, perilaku--xTeori0 aBrata SanjayaePengarang0 aDicky IrantoePengarang0 aDjaka AdiwinataePengarang0 aEvy RoslitaePengarang0 aIrzan SoepriyadiePengarang0 aJeni IrnawatiePengarang0 aNafiudinePengarang0 aDewi SusitaePenyunting0 aTuty SariwulanePenyunting0 aWidya ParimitaePenyunting aTermasuk bibliografi31aBantul :bSamudra Biru (Anggota IKAPI),c2023 2rdacontentateks 2rdamediaatanpa perantara 2rdacarrieravolume aYOPDYOGbinderda aCB-D.11 2023-0495 aYOPDYOG aCB-D.11/2023-0495 aCB-D.11/2023-0495